Loading...
| Current Events | 3 | 6.67 | 33% | 33% | 0% |
| Fine Arts - Classical Music | 6 | 11.67 | 83% | 33% | 0% |
| Fine Arts - Other Fine Arts | 6 | 15.00 | 100% | 33% | 17% |
| Geography | 1 | 20.00 | 100% | 100% | 0% |
| History - American History | 4 | 22.50 | 100% | 75% | 50% |
| History - European History | 6 | 20.00 | 100% | 67% | 33% |
| History - Other History | 5 | 14.00 | 80% | 40% | 20% |
| History - World History | 4 | 25.00 | 100% | 100% | 50% |
| Literature - American Literature | 4 | 22.50 | 100% | 75% | 50% |
| Literature - British Literature | 8 | 21.25 | 100% | 88% | 25% |
| Literature - European Literature | 7 | 25.71 | 100% | 86% | 71% |
| Literature - World Literature | 7 | 22.86 | 100% | 71% | 57% |
| Mythology | 6 | 25.00 | 100% | 100% | 50% |
| Painting/Sculpture | 4 | 20.00 | 100% | 75% | 25% |
| Philosophy | 5 | 22.00 | 100% | 80% | 40% |
| Pop Culture | 2 | 20.00 | 100% | 100% | 0% |
| Religion | 6 | 15.00 | 67% | 67% | 17% |
| Science - Biology | 10 | 16.00 | 90% | 60% | 10% |
| Science - Chemistry | 7 | 20.00 | 86% | 71% | 43% |
| Science - Other Science | 5 | 22.00 | 100% | 60% | 60% |
| Science - Physics | 5 | 18.00 | 100% | 40% | 40% |
| Social Science | 6 | 20.00 | 100% | 67% | 33% |